Green Day - Uno, Dos, Tré! - Statistics

General Stats
  • This quiz has been taken 18 times
  • The average score is 27 of 37
Answer Stats
Answer % Correct
Amy
100%
Nuclear Family
100%
Stay the Night
100%
Amanda
92%
Carpe Diem
92%
Fuck Time
92%
Kill the DJ
92%
Rusty James
92%
Lady Cobra
83%
Oh Love
83%
Stop When the Red Lights Flash
83%
Stray Heart
83%
Ashley
75%
Baby Eyes
75%
Brutal Love
75%
Fell for You
75%
Let Yourself Go
75%
Makeout Party
75%
Nightlife
75%
See You Tonight
75%
Wild One
75%
X-Kid
75%
Angel Blue
67%
Lazy Bones
67%
Sweet 16
67%
Wow! That's Loud
67%
8th Avenue Serenade
58%
A Little Boy Named Train
58%
Dirty Rotten Bastards
58%
Drama Queen
58%
Loss of Control
58%
The Forgotten
58%
Troublemaker
58%
99 Revolutions
50%
Missing You
50%
Sex, Drugs & Violence
50%
Walk Away
42%
No matching quizzes found
Score Distribution
Percent of People with Each Score
Percentile by Number Answered
Your Score History
You have not taken this quiz